CIfA professional archaeology : (Record no. 121459)
[ view plain ]
| 000 -LEADER | |
|---|---|
| fixed length control field | 01442nam a2200361 i 4500 |
| 003 - CONTROL NUMBER IDENTIFIER | |
| control field | UkOxU |
| 005 - DATE AND TIME OF LATEST TRANSACTION | |
| control field | 20230405120400.0 |
| 008 - FIXED-LENGTH DATA ELEMENTS--GENERAL INFORMATION | |
| fixed length control field | 230405s2022 enkab 001 0 eng c |
| 020 ## - INTERNATIONAL STANDARD BOOK NUMBER | |
| ISBN | 9781912747122 |
| Qualifying information | paperback |
| 035 ## - SYSTEM CONTROL NUMBER | |
| System control number | (StEdALDL)1/4200908 |
| 040 ## - CATALOGING SOURCE | |
| Original cataloging agency | UkOxU |
| 041 ## - LANGUAGE CODE | |
| Language code of text/sound track or separate title | eng |
| 042 ## - AUTHENTICATION CODE | |
| Authentication code | ukscp |
| 082 ## - DEWEY DECIMAL CLASSIFICATION NUMBER | |
| Classification number | F930.1 |
| 110 2# - MAIN ENTRY--CORPORATE NAME | |
| Corporate author | Chartered Institute for Archaeologists, |
| Relator term | author. |
| 245 10 - TITLE STATEMENT | |
| Title | CIfA professional archaeology : |
| Subtitle | a guide for clients : buildings archaeology and development. |
| 246 14 - VARIANT TITLE | |
| Title | Professional archaeology : |
| Subtitle | a guide for clients |
| 264 #1 - PRODUCTION, PUBLICATION, DISTRIBUTION, MANUFACTURE, AND COPYRIGHT NOTICE | |
| Place of production, publication, distribution, manufacture | Reading, United Kingdom : |
| Name of producer, publisher, distributor, manufacturer | Chartered Institute for Archaeologists, |
| Date of production, publication, distribution, manufacture, or copyright notice | 2022 |
| 264 #4 - PRODUCTION, PUBLICATION, DISTRIBUTION, MANUFACTURE, AND COPYRIGHT NOTICE | |
| Date of production, publication, distribution, manufacture, or copyright notice | ©2022 |
| 300 ## - PHYSICAL DESCRIPTION | |
| Physical description | 48 pages : |
| Other physical details | illustrations, maps ; |
| Dimensions | 30 cm |
| 500 ## - GENERAL NOTE | |
| General note | Includes index. |
| 500 ## - GENERAL NOTE | |
| General note | "This guide is for anyone who needs to commission archaeology, It explains what you need to do and why you need a professional archeologist to help you through the process". |
| 500 ## - GENERAL NOTE | |
| General note | "Published designed and produce by Cathedral Communications Limited, High Street, Tilsbury, Wiltshire, England"--Page 3. |
| 650 #0 - KEYWORDS | |
| Keywords | Archaeology |
| General subdivision | Social aspects |
| Geographic subdivision | Great Britain. |
| 650 #0 - KEYWORDS | |
| Keywords | Excavations (Archaeology) |
| Geographic subdivision | Great Britain |
| 651 ## - SUBJECT ADDED ENTRY--GEOGRAPHIC NAME | |
| Geographic name | United Kingdom |
| 942 ## - ADDED ENTRY ELEMENTS (KOHA) | |
| Suppress in OPAC | Do not suppress in OPAC |
| 336 ## - CONTENT TYPE | |
| Content type term | text |
| Source | rdacontent |
| 336 ## - CONTENT TYPE | |
| Content type term | still image |
| Source | rdacontent |
| 337 ## - MEDIA TYPE | |
| Media type term | unmediated |
| Source | rdamedia |
| 338 ## - CARRIER TYPE | |
| Carrier type term | volume |
| Source | rdacarrier |
| Lost status | Damaged status | Not for loan | Collection code | Home library | Current library | Shelving location | Date acquired | Total Checkouts | Full call number | Date last seen | Price effective from | Koha item type |
|---|---|---|---|---|---|---|---|---|---|---|---|---|
| Reference | London | London | Folio | 05/04/2023 | F930.1 | 05/04/2023 | 05/04/2023 | Book |